000 00843nam a2200289 a 4500
001 36919
003 BD-RjUL
005 20211209052546.0
008 140923s1981 enka b 001 0 eng
020 _a0582468116 (v. 1) :
035 _a(BD-RjUL)37021
040 _aDLC
_cDLC
_dDLC
_dBD-RjUL
_beng
041 _aeng
082 0 0 _a633.83
_bSPI 1981
245 0 0 _aSpices /
_cJ. W. Purseglove ... [et al.].
260 _aLondon ;
_aNew York :
_bLongman,
_c1981.
300 _a xi, 439 p. :
_bill. ;
_c22 cm.
490 0 _aTropical agriculture series
504 _aIncludes bibliographies and index.
650 0 _aSpice plants.
_9112722
650 0 _aSpices.
_9112723
650 0 _aSpice trade.
_9112724
700 1 _aPurseglove, J. W.
_q(John William),
_d1912-
_9112725
942 _2ddc
_cBK
999 _c36919
_d36919